000 00258nam a2200121Ia 4500
008 190216s9999||||xx |||||||||||||| ||und||
100 _aPrem Puri
245 0 _aBryophytes
260 _bAtmaram &sons
_c1981
300 _a310p
650 _aBotany
942 _cBK
999 _c1399
_d1399